000 00869nam a22002417a 4500
999 _c7537
_d7537
005 20251125232814.0
008 s2534 th tha d
020 _a9745092223
040 _aNALT
041 _atha
050 _aHF5736 ด94ท
100 0 _aไดมอนด์, ซูซาน
245 1 0 _aเทคนิคการจัดระบบเอกสาร
246 _aRecords management : a practical guide
260 3 _aกรุงเทพฯ :
_bซีเอ็ดยูเคชั่น,
_c2534
300 _a224 หน้า :
_b ภาพประกอบ ;
_c 21 ซม.
650 0 4 _aการจัดเก็บเอกสาร
650 0 4 _aเอกสาร
700 0 _aไดมอนด์, ซูซาน
850 _aNALT
856 4 0 _uhttps://hdl.handle.net/20.500.14156/448757
_71
942 _cGB
_03
_2lcc